000 00350pab a2200145 454500
008 180718b1987 xxu||||| |||| 00| 0 eng d
100 _aSudanowicz, Elaine N.
245 _aSeparation of powers and contracting
260 _c1987
300 _a17-18
362 _aSpring
650 _aSeperation of Powers
773 _aBureaucrat
909 _a18045
999 _c18045
_d18045